Metal ions in fungi (Record no. 42377)

MARC details
000 -LEADER
fixed length control field 00373nam a2200145Ia 4500
020 ## - INTERNATIONAL STANDARD BOOK NUMBER
ISBN 082479172X
082 ## - DEWEY DECIMAL CLASSIFICATION NUMBER
Classification number 582.28:564.72
Item number WIN
100 ## - MAIN ENTRY--AUTHOR NAME
Personal name Winge, Dennis R
245 #0 - TITLE STATEMENT
Title Metal ions in fungi
260 ## - PUBLICATION, DISTRIBUTION, ETC. (IMPRINT)
Place of publication New York
Name of publisher Marcel Dekker
Year of publication 1994
650 ## - SUBJECT ADDED ENTRY--TOPICAL TERM
Topical Term Fungi physiology
700 ## - ADDED ENTRY--PERSONAL NAME
Personal name Winkelmann, Gunther
942 ## - ADDED ENTRY ELEMENTS (KOHA)
Koha item type Books
Holdings
Withdrawn status Lost status Damaged status Not for loan Home library Current library Date acquired Full call number Accession Number Koha item type
        RRII Library RRII Library 16/12/2021 582.28:564.72 WIN 22651 Books